000 00776nam a22002057a 4500
008 130821s1977 xxu gr eng
020 _a0807102601
040 _aCo-BoUCM
_bspa
041 0 0 _aeng
100 1 _aDavis, Harold Eugene
_d1902-
245 1 0 _aLatin American diplomatic history an introduction
_cHarold Eugene Davis, John J. Finan, F. Taylor Peck.
260 _aBaton Rouge (Luisiana, Estados Unidos)
_bLouisiana State University Press
_c1977
300 _aviii, 301 páginas
504 _aIncluye bibliografía : p. 267-290.
651 7 _aAmérica Latina
_bRelaciones internacionales
_926570
700 1 _aFinan, John J.
_d1925-
700 1 _aPeck, Frederic Taylor
_d1920-
942 _cLIBRO
_a6
_e1
_mD191
_2DEWEY
_h327.8
999 _c90482
_d90482